00258nam a2200121Ia 4500100001900000650000800019366000900027654000800036245004300044260001500087082002200102546001200124 aWeeks/Michael  aDSP f17.5 aDSP aDigital signal processing using Matlab b#N/Ac2007 a621.3822/WEEbWEE aENGLISH